| 000 | 00687nam a22002297a 4500 | ||
|---|---|---|---|
| 005 | 20170124105937.0 | ||
| 010 | _aA-447812 | ||
| 020 |
_c45.00 _a8185017492 |
||
| 035 | _aA-447812 | ||
| 037 | _bCen Lib/Ret | ||
| 040 |
_aDPL _bEN |
||
| 082 |
_a362.19892 _bGAN |
||
| 100 |
_aMaragos, George D. _910039 |
||
| 245 |
_aThe first five years : _cby George D. Maragos _bpediatrics for parents / |
||
| 260 |
_aNew Delhi _bInterprint _c1990 |
||
| 270 |
_a16-A, Naraina, II _bNew Delhi _e110028 |
||
| 300 |
_a196p. : _c21cm(Hb) _bill. |
||
| 500 | _aIncludes index. | ||
| 650 |
_aChild care _910040 |
||
| 650 |
_aChild development _9895 |
||
| 942 |
_2ddc _cEN _h362.19892 _mGAN |
||
| 999 |
_c124258 _d124258 |
||